Красное и черное (Запись № 7805806)

Подробности
000 -МАРКЕР
контрольное поле 01441nam0a22003251 4500
001 - ИДЕНТИФИКАТОР ЗАПИСИ
контрольное поле rc\533795
005 - ИДЕНТИФИКАТОР ВЕРСИИ
контрольное поле 20260406151559.0
010 ## - МЕЖДУНАРОДНЫЙ СТАНДАРТНЫЙ НОМЕР КНИГИ (ISBN)
Номер (ISBN) 5-7534-0023-X
Уточнения в пер
Цена 2 р. 70 к.
Тираж 100000 (1-й з-д 1-40 тыс.)
021 ## - НОМЕР ГОСУДАРСТВЕННОЙ РЕГИСТРАЦИИ
Код страны Российская Федерация
Номер 88-13034
035 ## - ДРУГИЕ СИСТЕМНЫЕ НОМЕРА
Идентификатор записи (NLR Aleph) 008750743
100 ## - ДАННЫЕ ОБЩЕЙ ОБРАБОТКИ
Данные общей обработки 20030616d1988 |||y0rusy50 ca
101 1# - ЯЗЫК РЕСУРСА
Язык текста, звукозаписи и т.д. русский
Язык оригинала французский
102 ## - СТРАНА ПУБЛИКАЦИИ ИЛИ ПРОИЗВОДСТВА
Страна публикации Российская Федерация
105 ## - ПОЛЕ КОДИРОВАННЫХ ДАННЫХ: ТЕКСТОВЫЕ МАТЕРИАЛЫ, МОНОГРАФИЧЕСКИЕ
Кодированные данные о монографическом текстовом документе y z||||||a|
200 1# - ЗАГЛАВИЕ И СВЕДЕНИЯ ОБ ОТВЕТСТВЕННОСТИ
Основное заглавие Красное и черное
Сведения, относящиеся к заглавию хроника XIX века
-- роман
Первые сведения об ответственности Стендаль
Последующие сведения об ответственности пер. с фр. С. Боброва, М. Богословской
-- [примеч. Б. Реизова]
210 ## - ПУБЛИКАЦИЯ, РАСПРОСТРАНЕНИЕ И ДР.
Место издания, распространения и т.д. Орджоникидзе
Имя издателя, распространителя и т. д. Ир
Дата издания, распространения и т.д. 1988
215 ## - ФИЗИЧЕСКАЯ ХАРАКТЕРИСТИКА
Специфическое обозначение материала и объем 459, [1] с.
Размеры 22
607 ## - ГЕОГРАФИЧЕСКОЕ НАИМЕНОВАНИЕ КАК ПРЕДМЕТ
Географическое наименование Франция
Тематический подзаголовок Быт и нравы
Хронологический подзаголовок 19 в.
Системный номер авторитетной/нормативной записи 2073698
Идентификатор авторитетной/нормативной записи RU\NLR\AUTH\661248632
686 0# - ИНДЕКСЫ ДРУГИХ КЛАССИФИКАЦИЙ
Индекс Ш5(4Фр)52-644
Код системы
700 #1 - ИМЯ ЛИЦА - ПЕРВИЧНАЯ ОТВЕТСТВЕННОСТЬ
Графика поля Кириллица
Материалы, к которым относится поле rus
Начальный элемент ввода Стендаль
Даты 1783-1842
Идентификатор авторитетной/нормативной записи RU\NLR\AUTH\775430
Системный номер авторитетной/нормативной записи 115394
702 #1 - ИМЯ ЛИЦА - ВТОРИЧНАЯ ОТВЕТСТВЕННОСТЬ
Начальный элемент ввода Богословская
Часть имени, кроме начального элемента ввода М. П.
Даты 1902-1974
Расширение инициалов личного имени Мария Павловна
Код отношения Переводчик
702 #1 - ИМЯ ЛИЦА - ВТОРИЧНАЯ ОТВЕТСТВЕННОСТЬ
Код отношения Переводчик
Материалы, к которым относится поле rus
Графика поля Кириллица
Начальный элемент ввода Бобров
Часть имени, кроме начального элемента ввода С. П.
Даты 1889-1971
Расширение инициалов личного имени Сергей Павлович
Идентификатор авторитетной/нормативной записи RU\NLR\AUTH\77104689
Системный номер авторитетной/нормативной записи 87614
702 #1 - ИМЯ ЛИЦА - ВТОРИЧНАЯ ОТВЕТСТВЕННОСТЬ
Код отношения Комментатор печатного текста
Материалы, к которым относится поле rus
Графика поля Кириллица
Начальный элемент ввода Реизов
Часть имени, кроме начального элемента ввода Б. Г.
Дополнения к именам, кроме дат филолог
Даты 1902-1981
Расширение инициалов личного имени Борис Георгиевич
Идентификатор авторитетной/нормативной записи RU\NLR\AUTH\7799997
Системный номер авторитетной/нормативной записи 82923
801 #0 - ИСТОЧНИК ЗАПИСИ
Страна Российская Федерация
Организация NLR
Правила каталогизации psbo
801 #1 - ИСТОЧНИК ЗАПИСИ
Страна Российская Федерация
Организация ELAR
Источник данных rusmarc
801 #2 - ИСТОЧНИК ЗАПИСИ
Страна Российская Федерация
Организация NLR
Дата составления 20111103
Источник данных rusmarc
852 ## - МЕСТОНАХОЖДЕНИЕ И ШИФР ХРАНЕНИЯ
Идентификатор организации NLR
Шифр хранения (Call Number) 88-5/1363
942 ## - ДОПОЛНИТЕЛЬНЫЕ ЭЛЕМЕНТЫ ЗАПИСИ (АБИС)
Тип экземпляра АБИС Книга
980 ## - КОЛЛЕКЦИЯ
Название коллекции Национальная библиография
Экземпляры
Тип экземпляра Дата поступления Библиотека постоянного хранения Библиотека текущего хранения Место хранения Шифр хранения Штрих-код Статус экземпляра
Книга 26.10.2013 РНБ (Московский) РНБ (Московский) Русский книжный фонд: издания с 1957 года 88-5/1363 8750743-10